El enriquecimiento ilícito : (Registro nro. 6773)
[ vista simple ]
| 000 -LEADER | |
|---|---|
| fixed length control field | 01310nam a2200277Ia 4500 |
| 003 - CONTROL NUMBER IDENTIFIER | |
| control field | OSt |
| 005 - DATE AND TIME OF LATEST TRANSACTION | |
| control field | 20200729142823.0 |
| 008 - FIXED-LENGTH DATA ELEMENTS--GENERAL INFORMATION | |
| fixed length control field | 130821s1998 ck gr spa |
| 020 ## - INTERNATIONAL STANDARD BOOK NUMBER | |
| International Standard Book Number | 9589333591 |
| 040 ## - CATALOGING SOURCE | |
| Original cataloging agency | Co-BoUCM |
| Language of cataloging | spa |
| Transcribing agency | CO-JMCR |
| 041 00 - LANGUAGE CODE | |
| Language code of text/sound track or separate title | spa |
| 082 04 - DEWEY DECIMAL CLASSIFICATION NUMBER | |
| Classification number | 346.029 |
| Item number | Z36e |
| Edition number | 20 |
| 100 1# - MAIN ENTRY--PERSONAL NAME | |
| Personal name | Zarazo Oviedo, Luis Arnoldo |
| Relator term | autor |
| 9 (RLIN) | 8100 |
| 245 13 - TITLE STATEMENT | |
| Title | El enriquecimiento ilícito : |
| Remainder of title | Aspectos jurd̕icos y procesales / |
| Statement of responsibility, etc. | Luis Arnoldo Zarazo Oviedo |
| 250 ## - EDITION STATEMENT | |
| Edition statement | Tercera edición |
| 260 ## - PUBLICATION, DISTRIBUTION, ETC. | |
| Place of publication, distribution, etc. | Bogotá (Cundinamarca, Colombia) : |
| Name of publisher, distributor, etc. | Jurídicas Gustavo Ibañez, |
| Date of publication, distribution, etc. | 1998. |
| 300 ## - PHYSICAL DESCRIPTION | |
| Extent | 257 páginas : |
| Dimensions | 23 cm. |
| 500 ## - GENERAL NOTE | |
| General note | Incluye bibliografía e índice, notas a bibliografía a pie de paginas. |
| 505 0# - FORMATTED CONTENTS NOTE | |
| Formatted contents note | Delitos contra la administración pública -- Aspectos generales del enriquecimiento ilícito -- Descripción típica en la legislación colombiana -- Aspectos procesales y probatorios -- El enriquecimiento ilícito de particulares -- Utilización indebida de información privilegiada Investigación disciplinaria normativa que la rige |
| 650 24 - SUBJECT ADDED ENTRY--TOPICAL TERM | |
| Topical term or geographic name entry element | Delitos contra la administración pública |
| 9 (RLIN) | 12571 |
| 650 24 - SUBJECT ADDED ENTRY--TOPICAL TERM | |
| Topical term or geographic name entry element | Derecho civil |
| 9 (RLIN) | 12711 |
| 650 24 - SUBJECT ADDED ENTRY--TOPICAL TERM | |
| Topical term or geographic name entry element | Derecho civil |
| Geographic subdivision | Colombia |
| 9 (RLIN) | 12711 |
| 650 24 - SUBJECT ADDED ENTRY--TOPICAL TERM | |
| Topical term or geographic name entry element | Derecho comparado |
| 9 (RLIN) | 12722 |
| 650 24 - SUBJECT ADDED ENTRY--TOPICAL TERM | |
| Topical term or geographic name entry element | Enriquecimiento ilícito |
| 9 (RLIN) | 14546 |
| 942 ## - ADDED ENTRY ELEMENTS (KOHA) | |
| Koha item type | Books |
| Source of classification or shelving scheme | Dewey Decimal Classification |
| Withdrawn status | Lost status | Source of classification or shelving scheme | Damaged status | Not for loan | Home library | Current library | Shelving location | Date acquired | Source of acquisition | Total Checkouts | Full call number | Barcode | Date last seen | Copy number | Price effective from | Koha item type |
|---|---|---|---|---|---|---|---|---|---|---|---|---|---|---|---|---|
| Dewey Decimal Classification | Biblioteca Pública José María del Castillo y Rada | Biblioteca Pública José María del Castillo y Rada | General Stacks | 04/15/2018 | Donación | 346.029 / Z36e | 201809953 | 05/16/2024 | Ej.1 | 04/15/2018 | Books |